|
|
|
|
| LEADER |
00000nam0a2200000 4500 |
| 001 |
362520 |
| 005 |
20231102011510.0 |
| 035 |
|
|
|a (RuTPU)RU\TPU\retro\19866
|
| 090 |
|
|
|a 362520
|
| 100 |
|
|
|a 20210728d1980 m y0rusy50 ca
|
| 101 |
0 |
|
|a rus
|
| 102 |
|
|
|a RU
|
| 105 |
|
|
|a y z 001zy
|
| 200 |
1 |
|
|a Трудовые армии в Поволжье (1920 г. -март 1921г.)
|f А. П. Лобанов
|
| 210 |
|
|
|a Саратов
|c Изд-во Саратовского ун-та
|d 1980
|
| 215 |
|
|
|a 102 с.
|
| 320 |
|
|
|a Библиография в ссылках
|
| 606 |
1 |
|
|a Трудовые армии
|y СССР
|x История
|z 1920-1922
|2 stltpush
|3 (RuTPU)RU\TPU\subj\37103
|
| 606 |
1 |
|
|a Поволжье
|x История
|2 stltpush
|3 (RuTPU)RU\TPU\subj\67124
|9 83007
|
| 610 |
1 |
|
|a Советская власть
|
| 610 |
1 |
|
|a хозяйственная деятельность
|
| 610 |
1 |
|
|a разруха
|
| 610 |
1 |
|
|a Красная Армия
|
| 610 |
1 |
|
|a народное хозяйство
|
| 610 |
1 |
|
|a восстановление
|
| 610 |
1 |
|
|a промышленность
|
| 610 |
1 |
|
|a транспорт
|
| 610 |
1 |
|
|a продовольственный кризис
|
| 610 |
1 |
|
|a культурное строительство
|
| 686 |
|
|
|a У03(2)6
|v LBC/SL-A
|2 rubbk
|
| 686 |
|
|
|a Т3(235.5)
|v LBC/SL-A
|2 rubbk
|
| 700 |
|
1 |
|a Лобанов
|b А. П.
|g Алексей Павлович
|
| 801 |
|
1 |
|a RU
|b 63413507
|c 20210728
|
| 801 |
|
2 |
|a RU
|b 63413507
|c 20210728
|g RCR
|
| 942 |
|
|
|c BK
|